Loading...
| Science - Biology | 2 | 3 | 4 | 1 | 40 | 35 | 88.60 | 2 | 3 | 12.30 | 25.24 |
| Science - Chemistry | 0 | 5 | 3 | 0 | 35 | 100 | 114.80 | 0 | 0 | 4.08 | 19.12 |
| Fine Arts - Classical Music and Opera | 0 | 2 | 0 | 2 | 20 | 130 | 132.00 | 0 | 0 | 0.16 | 4.22 |
| Beliefs | 0 | 2 | 0 | 0 | 20 | 94 | 104.50 | 0 | 0 | 2.52 | 3.10 |
| Science - Physics | 0 | 2 | 0 | 0 | 20 | 120 | 133.50 | 0 | 0 | 0.37 | 2.48 |
| Literature - World | 1 | 1 | 2 | 0 | 15 | 48 | 83.00 | 1 | 1 | 6.40 | 10.12 |
| Science - Other | 0 | 2 | 1 | 1 | 15 | 117 | 122.00 | 0 | 0 | 0.68 | 2.01 |
| Modern World | 0 | 1 | 0 | 0 | 10 | 83 | 83.00 | 0 | 0 | 6.83 | 8.33 |
| History - Ancient | 0 | 1 | 0 | 0 | 10 | 141 | 141.00 | 0 | 0 | 0.34 | 1.14 |
| Literature - British | 0 | 1 | 0 | 1 | 10 | 147 | 147.00 | 0 | 0 | 0.05 | 1.19 |
| Philosophy | 0 | 1 | 0 | 0 | 10 | 136 | 136.00 | 0 | 0 | 0.05 | 2.14 |
| Social Science | 0 | 1 | 0 | 0 | 10 | 125 | 125.00 | 0 | 0 | 0.25 | 0.95 |
| Literature - European | 1 | 0 | 2 | 0 | 5 | 100 | 100.00 | 0 | 1 | 2.44 | 5.71 |
| Literature - American | 0 | 1 | 1 | 0 | 5 | 126 | 126.00 | 0 | 1 | 1.14 | 2.14 |
| Fine Arts - Other Arts | 0 | 1 | 1 | 1 | 5 | 156 | 156.00 | 0 | 0 | 0.05 | 1.95 |
| Visual Arts | 0 | 0 | 1 | 0 | -5 | 0.00 | 0 | 0 | 0.00 | 0.00 | |
| Other Academic | 0 | 0 | 1 | 0 | -5 | 0.00 | 0 | 0 | 0.00 | 0.00 |